Fundamentals Of CAD/CAM/CIM (Record no. 338745)

MARC details
000 -LEADER
fixed length control field 00464nam a2200169Ia 4500
008 - FIXED-LENGTH DATA ELEMENTS--GENERAL INFORMATION
fixed length control field 230718s9999 xx 000 0 und d
020 ## - INTERNATIONAL STANDARD BOOK NUMBER
International Standard Book Number 9789381335734
041 ## - LANGUAGE CODE
Language code of text/sound track or separate title eng
082 ## - DEWEY DECIMAL CLASSIFICATION NUMBER
Classification number 670.28'54
Item number SHA
100 ## - MAIN ENTRY--PERSONAL NAME
Personal name Sharma V.
9 (RLIN) 118529
245 ## - TITLE STATEMENT
Title Fundamentals Of CAD/CAM/CIM
260 ## - PUBLICATION, DISTRIBUTION, ETC. (IMPRINT)
Date of publication, distribution, etc. 2013
Name of publisher, distributor, etc. International Book House
300 ## - PHYSICAL DESCRIPTION
Extent 639
365 ## - TRADE PRICE
Currency code Rs.
Price amount 425.00
700 ## - ADDED ENTRY--PERSONAL NAME
Personal name Sharma V.
9 (RLIN) 118529
906 ## - LOCAL DATA ELEMENT F, LDF (RLIN)
d O:0431311-Nov-2014B:IN 157608-Oct-2014
c MECH
b 340
Holdings
Withdrawn status Lost status Damaged status Not for loan Home library Current library Date acquired Vendor Budget Code Cost, normal purchase price Bill number Total Checkouts Full call number Barcode Date last seen Date last checked out Discount Cost, replacement price Bill Date Koha item type Original Barcode
        Cummins College of Engineering for Women Pune Cummins College of Engineering for Women Pune 11/11/2014 Pradeep Book Distributors MECH 340.00 IN 1576 1 670.28'54 CCEP-BK-49952 10/09/2024 03/09/2024 340 425.00 08/10/2014 Books 049952